00479nam a2200169Ia 4500008004100000020001800041041000800059082001600067100001200083245001900095260003900114300000900153440006000162500005000222650002500272700001200297230125s9999 xx 000 0 und d a1-84112-203-3 aeng a658.15bGOU aGough L aGlobal Finance c2002bCapstone publicationaLondon a118p aEssential Management Thinking At Your Fingertips Series aGlobalization;Series Book;Finance Series Book aFinancial Management aGough L